00717 a2200169 4500003000500000005001700005040000900022082001200031245006200043260001700105300001000122505023200132650003000364942001200394999001900406952012200425Nust20230330113332.0 cNust a897,HIG aHigghlights of Modern Literature /cEditor: Francis Brown aLondonc1954 a240:p aPart.1 On Books (Page-13), Part.2 On Writers and Writing (Page-25), Part.3 Appraisals and Reappraisals (Page-95), Part.4 On Poetry (Page-150), Part.5 On History and Biography (Page-191), Part.6 Some Names Remembered (Page-220). aModern Literature9111584 2ddccBK c186085d186085 00102ddc4070aMCSbMCScGENd2016-12-12o 897,HIGpMCS29055r2016-12-08w2016-12-12yBKzAlmirah No.75, Shelf No.4